[Event "First Saturday FM-A Nov 2013"]
[Site "Budapest"]
[Date "2013.11.02"]
[Round "1.5"]
[White "Lukacs, Albert"]
[Black "Juhasz, Bela"]
[Result "0-1"]
[WhiteElo "1928"]
[BlackElo "2140"]
[PlyCount "62"]
[EventDate "2013.11.02"]

1. e4 c5 2. Nf3 e6 3. Nc3 Nc6 4. Bb5 Nge7 5. d3 d6 6. O-O a6 7. Ba4 Bd7 8. Be3
Ng6 9. d4 b5 10. dxc5 dxc5 11. Bxb5 axb5 12. Nxb5 Qb8 13. a4 Be7 14. h4 Nge5
15. Nd2 h5 16. Nb3 Ng4 17. Re1 Nxe3 18. Rxe3 Ne5 19. Nc3 Ng4 20. Rg3 c4 21. Nd4
Bxh4 22. Nce2 Bxg3 23. Nxg3 Qf4 24. Qe2 h4 25. Nf1 h3 26. Ng3 hxg2 27. Kxg2 Bc6
28. Re1 Rxa4 29. c3 Nf6 30. Nf3 Qg4 31. Qe3 Bxe4 0-1

[Event "First Saturday FM-A Nov 2013"]
[Site "Budapest"]
[Date "2013.11.04"]
[Round "2.2"]
[White "Krstulovic, Alex"]
[Black "Lukacs, Albert"]
[Result "1/2-1/2"]
[WhiteElo "2001"]
[BlackElo "1928"]
[PlyCount "64"]
[EventDate "2013.11.02"]

1. d4 d5 2. c4 e6 3. Nc3 Nf6 4. cxd5 exd5 5. Bg5 c6 6. e3 Nbd7 7. Bd3 Be7 8.
Qc2 Nh5 9. Bxe7 Qxe7 10. Nge2 Nhf6 11. O-O g6 12. Rab1 Nb6 13. Ng3 Be6 14. Na4
Nxa4 15. Qxa4 O-O 16. b4 Nd7 17. Qc2 Rac8 18. Rfc1 Qd6 19. Ne2 f5 20. Rb3 a6
21. a4 Nf6 22. Qc5 Qd8 23. Nf4 Bf7 24. Qa7 Qd7 25. Qb6 Ne4 26. Bxe4 dxe4 27.
Rbc3 g5 28. Nh3 h6 29. b5 axb5 30. axb5 Bd5 31. Ra1 f4 32. exf4 g4 1/2-1/2

[Event "First Saturday FM-A Nov 2013"]
[Site "Budapest"]
[Date "2013.11.04"]
[Round "2.3"]
[White "Mester, Attila"]
[Black "Steer, Jozsef"]
[Result "0-1"]
[WhiteElo "2049"]
[BlackElo "1899"]
[PlyCount "148"]
[EventDate "2013.11.02"]

1. e4 c6 2. d4 d5 3. e5 Bf5 4. h4 h5 5. c4 dxc4 6. Bxc4 e6 7. Nc3 Bb4 8. Nge2
Ne7 9. Bg5 Qc7 10. O-O Nd5 11. Rc1 Bxc3 12. bxc3 Nd7 13. Ng3 Bg6 14. Bd3 Bxd3
15. Qxd3 Ne7 16. Qf3 g6 17. c4 Nf5 18. Qa3 c5 19. d5 O-O 20. d6 Qc6 21. Nxf5
exf5 22. Qg3 Kh7 23. Rfe1 Rfe8 24. Be7 Nf8 25. e6 Nxe6 26. Rxe6 fxe6 27. Qg5
Qd7 28. Rc3 Rxe7 29. dxe7 Rg8 30. Rg3 Rg7 31. Qf6 Qxe7 32. Rxg6 Qxf6 33. Rxf6
Re7 34. Rf8 b6 35. Kf1 Kg7 36. Ra8 Rd7 37. Ke2 Kf6 38. Rh8 Rd4 39. Rxh5 Rxc4
40. Rh6+ Kf7 41. Rh7+ Kg6 42. Rxa7 Rxh4 43. a4 Rb4 44. a5 bxa5 45. Rxa5 Rb2+
46. Ke3 Rc2 47. f3 Kf6 48. Kd3 Rc1 49. Kd2 Rc4 50. Kd3 Rd4+ 51. Ke3 f4+ 52. Ke2
Rd5 53. Ra6 Kf5 54. Rc6 e5 55. Rc8 Ke6 56. Rc6+ Kd7 57. Ra6 Kc7 58. g4 fxg3 59.
Rg6 c4 60. Rxg3 Kc6 61. Rg8 Kc5 62. Ke3 Kb4 63. Rb8+ Rb5 64. Rc8 Kc3 65. Ke2
Rd5 66. Rc7 Kb3 67. Rb7+ Kc2 68. Rc7 c3 69. Rc8 Kb2 70. Rb8+ Kc1 71. Rb7 c2 72.
Rb8 Ra5 73. Rb7 Ra2 74. Rh7 Kb1 0-1

[Event "First Saturday FM-A Nov 2013"]
[Site "Budapest"]
[Date "2013.11.04"]
[Round "2.4"]
[White "Bodrogi, Mihaly"]
[Black "Szalanczy, Emil"]
[Result "1-0"]
[WhiteElo "2108"]
[BlackElo "2247"]
[PlyCount "49"]
[EventDate "2013.11.02"]

1. e4 c5 2. Nf3 d6 3. b3 Nf6 4. e5 dxe5 5. Nxe5 Qd4 6. Bb5+ Nbd7 7. Bb2 Qxb2 8.
Nc3 e6 9. Rb1 Qxb1 10. Qxb1 Be7 11. O-O O-O 12. Nxd7 Nxd7 13. Qe1 Rd8 14. Bd3
Nf6 15. Qe3 Rd4 16. Qf3 a6 17. Re1 Rb8 18. Ne4 b6 19. Nxf6+ Bxf6 20. Qg3 Ra8
21. Be4 Rxe4 22. Rxe4 Bb7 23. Re3 Rc8 24. Qd6 Bc6 25. Rxe6 1-0

[Event "First Saturday FM-A Nov 2013"]
[Site "Budapest"]
[Date "2013.11.04"]
[Round "2.5"]
[White "Letay, Gyula"]
[Black "Nagy, Aron"]
[Result "0-1"]
[WhiteElo "1925"]
[BlackElo "2142"]
[PlyCount "54"]
[EventDate "2013.11.02"]

1. e4 e5 2. Nf3 Nc6 3. Bc4 Bc5 4. c3 Nf6 5. d4 exd4 6. cxd4 Bb4+ 7. Nc3 Nxe4 8.
Qb3 O-O 9. O-O Bxc3 10. bxc3 Na5 11. Bxf7+ Rxf7 12. Qd5 Nxc3 13. Qxa5 Ne2+ 14.
Kh1 d6 15. Be3 Rxf3 16. gxf3 Be6 17. f4 Bc4 18. f3 Qe7 19. Qd2 Re8 20. Bf2 Qf7
21. Rae1 Qh5 22. Kg2 Re6 23. f5 Qxf5 24. Be3 Rg6+ 25. Kh1 Ng3+ 26. hxg3 Bxf1
27. Rxf1 Qh3+ 0-1

[Event "First Saturday FM-A Nov 2013"]
[Site "Budapest"]
[Date "2013.11.05"]
[Round "3.2"]
[White "Szalanczy, Emil"]
[Black "Letay, Gyula"]
[Result "1-0"]
[WhiteElo "2247"]
[BlackElo "1925"]
[PlyCount "40"]
[EventDate "2013.11.02"]

1. e4 c5 2. Nf3 d6 3. d4 cxd4 4. Nxd4 Nf6 5. Nc3 a6 6. Bg5 e6 7. f4 Nbd7 8. Qe2
Qc7 9. O-O-O Be7 10. Nf3 h6 11. Bh4 e5 12. fxe5 dxe5 13. Nd5 Nxd5 14. exd5 Bxh4
15. Nxh4 Nf6 16. Qc4 Qd6 17. Be2 Bd7 18. Rhf1 Rc8 19. Qb3 O-O 20. Kb1 b5 1-0

[Event "First Saturday FM-A Nov 2013"]
[Site "Budapest"]
[Date "2013.11.05"]
[Round "3.3"]
[White "Steer, Jozsef"]
[Black "Bodrogi, Mihaly"]
[Result "1-0"]
[WhiteElo "1899"]
[BlackElo "2108"]
[PlyCount "89"]
[EventDate "2013.11.02"]

1. e4 c5 2. Nf3 d6 3. c4 Nf6 4. Nc3 g6 5. d3 Bg7 6. h3 O-O 7. Be3 Nc6 8. Qd2
Qa5 9. Bh6 Nd4 10. Bxg7 Nxf3+ 11. gxf3 Kxg7 12. f4 a6 13. Be2 b5 14. cxb5 axb5
15. Bf3 Bb7 16. h4 b4 17. Ne2 c4 18. Kf1 cxd3 19. Qxd3 Qa6 20. Qd4 Qb5 21. h5
b3 22. a4 Qc5 23. h6+ Kg8 24. Qxc5 dxc5 25. Nc3 Rfd8 26. Ke2 Rd4 27. Rhd1 Rad8
28. e5 Bxf3+ 29. Kxf3 Rxd1 30. Rxd1 Rxd1 31. Nxd1 Nd5 32. Ne3 Nc7 33. Ke4 Kf8
34. Kd3 Ke8 35. Kc4 Ne6 36. a5 Kd7 37. Nd5 g5 38. f5 Nd4 39. a6 Kc6 40. Nxe7+
Kb6 41. a7 Kxa7 42. Kxc5 Nf3 43. e6 fxe6 44. fxe6 Ne5 45. Nc6+ 1-0

[Event "First Saturday FM-A Nov 2013"]
[Site "Budapest"]
[Date "2013.11.06"]
[Round "4.1"]
[White "Farkas, Richard"]
[Black "Krstulovic, Alex"]
[Result "1-0"]
[WhiteElo "2183"]
[BlackElo "2001"]
[PlyCount "67"]
[EventDate "2013.11.02"]

1. e4 c5 2. Nf3 d6 3. d4 cxd4 4. Qxd4 a6 5. Be2 Nc6 6. Qe3 g6 7. c4 Bg7 8. Nc3
Nf6 9. h3 O-O 10. O-O Nd7 11. Nd5 Nc5 12. Rd1 f5 13. e5 f4 14. Qa3 Nxe5 15.
Nxf4 Bd7 16. Be3 b5 17. Nxe5 Bxe5 18. Nd5 Na4 19. Bd4 Bxd4 20. Rxd4 e6 21. Qxd6
exd5 22. Qxd5+ Rf7 23. c5 Qc8 24. Bf3 Ra7 25. Re1 Nxc5 26. b4 Ne6 27. Rde4 Rc7
28. Bg4 Rc2 29. Rxe6 Bxe6 30. Bxe6 Qf8 31. Bxf7+ Qxf7 32. Re8+ Kg7 33. Qd4+ Kh6
34. Qh4+ 1-0

[Event "First Saturday FM-A Nov 2013"]
[Site "Budapest"]
[Date "2013.11.06"]
[Round "4.2"]
[White "Mester, Attila"]
[Black "Juhasz, Bela"]
[Result "1/2-1/2"]
[WhiteElo "2049"]
[BlackElo "2140"]
[PlyCount "42"]
[EventDate "2013.11.02"]

1. e4 c5 2. Nf3 e6 3. d3 d5 4. Nbd2 Nc6 5. g3 Bd6 6. Bg2 Nge7 7. O-O O-O 8. Nh4
Rb8 9. f4 f5 10. exf5 exf5 11. Re1 Rf6 12. Ndf3 Bd7 13. c3 b5 14. Ne5 Be8 15.
a3 a5 16. Kh1 Qc7 17. d4 cxd4 18. cxd4 Qb6 19. Be3 a4 20. Rc1 Na5 21. Bg1 b4
1/2-1/2

[Event "First Saturday FM-A Nov 2013"]
[Site "Budapest"]
[Date "2013.11.06"]
[Round "4.3"]
[White "Bodrogi, Mihaly"]
[Black "Lukacs, Albert"]
[Result "1/2-1/2"]
[WhiteElo "2108"]
[BlackElo "1928"]
[PlyCount "95"]
[EventDate "2013.11.02"]

1. Nf3 Nf6 2. e3 b6 3. d4 Bb7 4. Bd3 e6 5. O-O Be7 6. c4 Ne4 7. Nc3 Nxc3 8.
bxc3 d6 9. e4 Nd7 10. Nd2 h5 11. f4 Nf6 12. h3 h4 13. Re1 Nh5 14. Nf1 e5 15. f5
Bg5 16. Bc2 Nf4 17. Qg4 Kf8 18. Nh2 Qe7 19. Nf3 Bh6 20. Qxh4 Qxh4 21. Nxh4
Nxh3+ 22. gxh3 Bxc1 23. Raxc1 Rxh4 24. Kg2 Ke7 25. Re3 Rah8 26. Rf1 R8h5 27.
Rff3 Bc6 28. Rg3 Rf4 29. d5 Bd7 30. Rxg7 Rhh4 31. Rg8 b5 32. Ra8 bxc4 33. Rxa7
Rh8 34. Rxc7 Rg8+ 35. Rg3 Ra8 36. Kg1 Rxa2 37. Rg2 Rf3 38. Rxc4 Ra3 39. Kh2 Bb5
40. Rc7+ Kf6 41. c4 Rxh3+ 42. Kg1 Rac3 43. Rb7 Bxc4 44. Rb6 Rcf3 45. Rg8 Rf1+
46. Kg2 Rhh1 47. Rxd6+ Ke7 48. Rgd8 1/2-1/2

[Event "First Saturday FM-A Nov 2013"]
[Site "Budapest"]
[Date "2013.11.06"]
[Round "4.4"]
[White "Letay, Gyula"]
[Black "Steer, Jozsef"]
[Result "1-0"]
[WhiteElo "1925"]
[BlackElo "1899"]
[PlyCount "49"]
[EventDate "2013.11.02"]

1. e4 c6 2. d3 d5 3. Nd2 dxe4 4. dxe4 g6 5. g3 Bg7 6. Bg2 b6 7. Ne2 Bb7 8. O-O
e6 9. f4 Ne7 10. Qe1 c5 11. c3 O-O 12. g4 Nbc6 13. e5 Qc7 14. Ne4 f6 15. Qh4
Bh8 16. Nxf6+ Bxf6 17. exf6 Nd5 18. Bxd5 exd5 19. f5 Qf7 20. fxg6 Qxg6 21. Rf5
Kh8 22. Bh6 Rf7 23. Bg7+ Rxg7 24. fxg7+ Kxg7 25. Rg5 1-0

[Event "First Saturday FM-A Nov 2013"]
[Site "Budapest"]
[Date "2013.11.06"]
[Round "4.5"]
[White "Nagy, Aron"]
[Black "Szalanczy, Emil"]
[Result "0-1"]
[WhiteElo "2142"]
[BlackElo "2247"]
[PlyCount "70"]
[EventDate "2013.11.02"]

1. Nf3 c5 2. g3 Nc6 3. c4 g6 4. Bg2 Bg7 5. Nc3 Nf6 6. O-O O-O 7. d3 d6 8. Qd2
h6 9. b3 Rb8 10. Bb2 b6 11. d4 cxd4 12. Nxd4 Nxd4 13. Qxd4 Bb7 14. Nd5 Qd7 15.
Rac1 Rfc8 16. Qd2 Nxd5 17. Bxg7 Kxg7 18. Bxd5 Rc5 19. Rfd1 Bxd5 20. cxd5 Qf5
21. Qd4+ Qf6 22. Qxf6+ Kxf6 23. b4 Rxc1 24. Rxc1 a5 25. b5 Ke5 26. Rc7 Kxd5 27.
Rxe7 Kc5 28. Rxf7 Kxb5 29. Rf6 Ka4 30. Rxd6 Ka3 31. Rd2 b5 32. e4 b4 33. e5 a4
34. e6 b3 35. axb3 axb3 0-1

[Event "First Saturday FM-A Nov 2013"]
[Site "Budapest"]
[Date "2013.11.07"]
[Round "5.1"]
[White "Szalanczy, Emil"]
[Black "Farkas, Richard"]
[Result "1/2-1/2"]
[WhiteElo "2247"]
[BlackElo "2183"]
[PlyCount "90"]
[EventDate "2013.11.02"]

1. e4 e6 2. d4 d5 3. Nc3 Bb4 4. e5 c5 5. a3 Bxc3+ 6. bxc3 Ne7 7. Qg4 cxd4 8.
Bd3 Qc7 9. Ne2 Nbc6 10. cxd4 h5 11. Qh4 Nf5 12. Bxf5 exf5 13. O-O Be6 14. Bg5
Na5 15. Nf4 g6 16. Bf6 Rg8 17. h3 Nc4 18. a4 Kd7 19. Qg3 Rae8 20. Rfb1 a6 21.
Qc3 b6 22. Rb4 Rc8 23. Rab1 Qc6 24. Rxc4 Qxc4 25. Qa3 Rc6 26. Qe7+ Kc8 27. Nxe6
fxe6 28. Qf7 Rd8 29. a5 b5 30. Bg5 Qxc2 31. Rf1 f4 32. Qa7 Rd7 33. Qa8+ Kc7 34.
Qa7+ Kc8 35. Qa8+ Kc7 36. Bxf4 b4 37. Qa7+ Kc8 38. Qa8+ Kc7 39. Qa7+ Kc8 40.
Qa8+ Kc7 41. Kh2 Qd3 42. Qa7+ Kc8 43. Qa8+ Kc7 44. Qa7+ Kc8 45. Qa8+ Kc7
1/2-1/2

[Event "First Saturday FM-A Nov 2013"]
[Site "Budapest"]
[Date "2013.11.07"]
[Round "5.2"]
[White "Steer, Jozsef"]
[Black "Nagy, Aron"]
[Result "0-1"]
[WhiteElo "1899"]
[BlackElo "2142"]
[PlyCount "96"]
[EventDate "2013.11.02"]

1. e4 c5 2. Nf3 d6 3. d4 cxd4 4. Nxd4 Nf6 5. Nc3 g6 6. Bc4 Bg7 7. Bb3 Nc6 8.
Nxc6 bxc6 9. O-O O-O 10. h3 a5 11. a4 Nd7 12. Be3 Ba6 13. Re1 Ne5 14. Qd2 Re8
15. Rad1 Qb8 16. f4 Nc4 17. Bxc4 Bxc4 18. b3 Ba6 19. Bd4 Bxd4+ 20. Qxd4 c5 21.
Qe3 c4 22. Nd5 cxb3 23. cxb3 Bb7 24. f5 Bxd5 25. Rxd5 Qa7 26. fxg6 hxg6 27. e5
dxe5 28. Qxa7 Rxa7 29. Rexe5 Rea8 30. Rb5 f6 31. Rec5 Kf7 32. Kf2 Ra6 33. Ke3
R8a7 34. Kf3 e5 35. g4 g5 36. Ke4 Ke6 37. Rd5 Rh7 38. Rxa5 Rxa5 39. Rxa5 Rxh3
40. Ra6+ Kf7 41. Rb6 Rg3 42. a5 Rxg4+ 43. Ke3 Rg1 44. a6 Ra1 45. b4 g4 46. b5
Kg6 47. Rc6 Ra5 48. Rc5 Kf5 0-1

[Event "First Saturday FM-A Nov 2013"]
[Site "Budapest"]
[Date "2013.11.07"]
[Round "5.3"]
[White "Lukacs, Albert"]
[Black "Letay, Gyula"]
[Result "1/2-1/2"]
[WhiteElo "1928"]
[BlackElo "1925"]
[PlyCount "145"]
[EventDate "2013.11.02"]

1. e4 c5 2. Nf3 d6 3. Bc4 e6 4. Nc3 a6 5. a4 Nc6 6. O-O Nf6 7. Re1 Be7 8. d4
cxd4 9. Nxd4 Qc7 10. Nxc6 bxc6 11. Bf4 e5 12. Bg5 O-O 13. a5 Ng4 14. Qd2 h6 15.
Bxe7 Qxe7 16. h3 Nf6 17. Re3 Be6 18. Bxe6 Qxe6 19. Rd3 Rfd8 20. Rd1 Ne8 21. b3
f5 22. exf5 Qxf5 23. Rg3 Qe6 24. Qd3 d5 25. Na4 e4 26. Qd4 Qf6 27. Qxf6 Nxf6
28. Rd4 Kf7 29. Rc3 Rd6 30. Nc5 Ra7 31. Kf1 Ke7 32. Rg3 Nh5 33. Re3 g5 34. Rb4
Nf6 35. Re1 Nd7 36. Nxd7 Kxd7 37. Rb8 Re6 38. f3 Rf6 39. Kf2 exf3 40. gxf3 Kd6
41. b4 Raf7 42. Re3 h5 43. Rg8 Rf4 44. Rxg5 Rxb4 45. Rg6+ Kd7 46. Rc3 Rbf4 47.
Rcxc6 Rxf3+ 48. Kg2 h4 49. Rgd6+ Ke7 50. Re6+ Kf8 51. Re2 Rg3+ 52. Kh2 Rff3 53.
Rxa6 Rxh3+ 54. Kg1 Rhg3+ 55. Rg2 Rc3 56. Rxg3 Rxg3+ 57. Kh2 Rc3 58. Rf6+ Ke7
59. Rf4 Rxc2+ 60. Kh3 Ra2 61. Rxh4 Rxa5 62. Rh6 Ra8 63. Kg3 Rf8 64. Ra6 Rf5 65.
Kg4 Rf1 66. Kg3 Kd7 67. Rb6 Rf8 68. Ra6 Kc7 69. Re6 Kd7 70. Ra6 Ke7 71. Rb6 Kd7
72. Ra6 Rc8 73. Kf3 1/2-1/2

[Event "First Saturday FM-A Nov 2013"]
[Site "Budapest"]
[Date "2013.11.07"]
[Round "5.5"]
[White "Krstulovic, Alex"]
[Black "Mester, Attila"]
[Result "1-0"]
[WhiteElo "2001"]
[BlackElo "2049"]
[PlyCount "85"]
[EventDate "2013.11.02"]

1. d4 Nf6 2. c4 e6 3. Nf3 c5 4. d5 exd5 5. cxd5 d6 6. Nc3 g6 7. Nd2 Bg7 8. e4
O-O 9. Be2 Na6 10. O-O Ne8 11. Re1 f5 12. Bf1 Nac7 13. h3 Rb8 14. a4 b6 15. Nf3
fxe4 16. Nxe4 h6 17. Bd2 a6 18. Bc3 b5 19. Bxg7 Nxg7 20. axb5 Nxb5 21. Qd2 Kh7
22. Bxb5 Rxb5 23. Qc3 Nh5 24. Nfd2 Nf4 25. Nc4 Nxd5 26. Qd2 Bb7 27. Nexd6 Rb4
28. Nxb7 Rxb7 29. Rxa6 Rbf7 30. Rd1 Qc8 31. Rxg6 Nf4 32. Nd6 Qc6 33. Rg4 Rf6
34. Qc2+ Kh8 35. Ne4 Rg6 36. Qc3+ Kh7 37. Qc2 Rxg4 38. Ng5+ Kg7 39. Qh7+ Kf6
40. Qxh6+ Ng6 41. hxg4 Re8 42. Nf3 Rh8 43. Qxg6+ 1-0

[Event "First Saturday FM-A Nov 2013"]
[Site "Budapest"]
[Date "2013.11.09"]
[Round "6.1"]
[White "Farkas, Richard"]
[Black "Mester, Attila"]
[Result "1/2-1/2"]
[WhiteElo "2183"]
[BlackElo "2049"]
[PlyCount "114"]
[EventDate "2013.11.02"]

1. e4 c5 2. Nf3 d6 3. d4 cxd4 4. Qxd4 Nc6 5. Bb5 Bd7 6. Bxc6 Bxc6 7. Nc3 h6 8.
Qd3 Nf6 9. Nd4 e6 10. f4 d5 11. e5 Nd7 12. O-O Bc5 13. Kh1 Qe7 14. Be3 O-O 15.
Rae1 f6 16. exf6 Rxf6 17. Nxc6 bxc6 18. Bd4 Bxd4 19. Qxd4 Qf7 20. Kg1 c5 21.
Qd2 Rf8 22. Rf3 Nb8 23. Ref1 Nc6 24. Ne2 Qd7 25. Qe3 Qd6 26. c3 e5 27. fxe5
Rxf3 28. Qxf3 Nxe5 29. Qxf8+ Qxf8 30. Rxf8+ Kxf8 31. Nf4 d4 32. cxd4 cxd4 33.
Ne6+ Ke7 34. Nxd4 Nd3 35. b3 a6 36. Kf1 Kf6 37. a3 Ke5 38. Nc6+ Kd5 39. Na5 Kd4
40. b4 Kc3 41. Nc6 Kb3 42. Ke2 Nf4+ 43. Kf3 Ne6 44. Ke4 Kxa3 45. Ke5 Nc7 46. g4
Ka4 47. Kd6 Ne8+ 48. Ke7 Nf6 49. h3 Ne4 50. Kf7 Ng5+ 51. Kxg7 Nxh3 52. Kxh6 Kb5
53. Nb8 Kxb4 54. Nxa6+ Kc4 55. Nc7 Kd4 56. Ne6+ Ke5 57. Ng5 Kf4 1/2-1/2

[Event "First Saturday FM-A Nov 2013"]
[Site "Budapest"]
[Date "2013.11.09"]
[Round "6.2"]
[White "Bodrogi, Mihaly"]
[Black "Krstulovic, Alex"]
[Result "1-0"]
[WhiteElo "2108"]
[BlackElo "2001"]
[PlyCount "57"]
[EventDate "2013.11.02"]

1. e4 c5 2. Nf3 d6 3. b3 Nc6 4. Bb5 Bd7 5. O-O e5 6. Re1 g6 7. Bb2 Bg7 8. c3
Nge7 9. d4 Qc7 10. a4 O-O 11. Na3 Bg4 12. dxc5 dxc5 13. Be2 Rad8 14. Qc2 a6 15.
Nc4 f5 16. Ng5 Bxe2 17. Qxe2 Rf6 18. exf5 Nxf5 19. Ne4 Rff8 20. Nxc5 Qf7 21. a5
Nh4 22. Rad1 Rxd1 23. Rxd1 Nxa5 24. Nxa5 b6 25. Nd7 bxa5 26. Nxf8 Kxf8 27. Ba3+
Ke8 28. Qd3 Bf6 29. Qxa6 1-0

[Event "First Saturday FM-A Nov 2013"]
[Site "Budapest"]
[Date "2013.11.09"]
[Round "6.3"]
[White "Letay, Gyula"]
[Black "Juhasz, Bela"]
[Result "0-1"]
[WhiteElo "1925"]
[BlackElo "2140"]
[PlyCount "74"]
[EventDate "2013.11.02"]

1. e4 Nf6 2. Nc3 d5 3. e5 Nfd7 4. d4 e6 5. Nf3 Be7 6. Bd3 c5 7. dxc5 Nxc5 8.
Bb5+ Nc6 9. O-O Bd7 10. Bxc6 Bxc6 11. Nd4 Nd7 12. f4 g6 13. Kh1 Rc8 14. g4 O-O
15. Qe2 Qb6 16. Be3 Qxb2 17. Bd2 Qb6 18. Be3 Qc7 19. Qd2 Nc5 20. Qg2 a6 21.
Rae1 b5 22. Nce2 Ne4 23. Nxc6 Qxc6 24. f5 Rfe8 25. f6 Bf8 26. Nd4 Qc7 27. Nf3
h6 28. Qh3 g5 29. Qh5 Qxc2 30. Nd4 Qd3 31. Qh3 Rc3 32. Rf3 Qc4 33. Bg1 Rc1 34.
Rxc1 Qxc1 35. Rf1 Qc4 36. a3 a5 37. Qf3 Nd2 0-1

[Event "First Saturday FM-A Nov 2013"]
[Site "Budapest"]
[Date "2013.11.09"]
[Round "6.5"]
[White "Szalanczy, Emil"]
[Black "Steer, Jozsef"]
[Result "1-0"]
[WhiteElo "2247"]
[BlackElo "1899"]
[PlyCount "51"]
[EventDate "2013.11.02"]

1. e4 c6 2. d4 d5 3. e5 Bf5 4. Nf3 e6 5. Be2 Qb6 6. O-O Nd7 7. Nc3 a6 8. Nh4
Bg6 9. Bg4 Be7 10. Nf3 Nh6 11. Bxh6 gxh6 12. b3 c5 13. Na4 Qc7 14. c3 b5 15.
Nxc5 Bxc5 16. dxc5 Qxc5 17. Rc1 Rc8 18. Re1 O-O 19. Qd2 h5 20. Bh3 Rfe8 21. Nd4
Qe7 22. f4 Nc5 23. f5 exf5 24. Nxf5 Bxf5 25. Bxf5 Rcd8 26. Qh6 1-0

[Event "First Saturday FM-A Nov 2013"]
[Site "Budapest"]
[Date "2013.11.10"]
[Round "7.1"]
[White "Steer, Jozsef"]
[Black "Farkas, Richard"]
[Result "1/2-1/2"]
[WhiteElo "1899"]
[BlackElo "2183"]
[PlyCount "138"]
[EventDate "2013.11.02"]

1. e4 c5 2. Nf3 d6 3. c4 g6 4. Nc3 Bg7 5. b3 Nf6 6. Qc2 Nc6 7. a3 Nd4 8. Nxd4
cxd4 9. Nd1 O-O 10. Bb2 e5 11. d3 Nh5 12. g3 f5 13. exf5 gxf5 14. Bg2 Qe7 15.
O-O Be6 16. Qe2 Qf7 17. f3 d5 18. Nf2 a5 19. Rfe1 Ra6 20. c5 a4 21. b4 Bd7 22.
Rac1 Bb5 23. Qd1 Bf6 24. Rc2 Kh8 25. Bc1 Rg8 26. Nh3 Qg6 27. Kh1 Rc6 28. Rf2 f4
29. g4 Ng7 30. g5 Nf5 31. gxf6 Ne3 32. Bxe3 dxe3 33. Rb2 Qxf6 34. Qb1 d4 35.
Rg1 Qf5 36. Bf1 Rxg1+ 37. Nxg1 Qh5 38. Rg2 Rg6 39. Qa2 Rxg2 40. Qxg2 Qf5 41.
Qc2 Qf7 42. Qg2 h6 43. Qg4 Kh7 44. Qc8 e4 45. fxe4 f3 46. Qg4 f2 47. Nh3 Bd7
48. Qf4 Qa2 49. Qf3 Bxh3 50. Qxh3 Qa1 51. Qf5+ Kh8 52. Kg2 Qa2 53. Qc8+ Kg7 54.
Qxb7+ Kf8 55. Qd5 Qa1 56. Qf5+ Ke7 57. Qf3 Qxa3 58. e5 Qb3 59. Qf6+ Ke8 60.
Qc6+ Ke7 61. Qd6+ Kf7 62. Be2 a3 63. Bh5+ Kg7 64. Qd7+ Kh8 65. e6 f1=Q+ 66.
Kxf1 Qxd3+ 67. Kg1 Qb1+ 68. Kg2 Qe4+ 69. Kg1 Qb1+ 1/2-1/2

[Event "First Saturday FM-A Nov 2013"]
[Site "Budapest"]
[Date "2013.11.10"]
[Round "7.2"]
[White "Lukacs, Albert"]
[Black "Szalanczy, Emil"]
[Result "0-1"]
[WhiteElo "1928"]
[BlackElo "2247"]
[PlyCount "72"]
[EventDate "2013.11.02"]

1. e4 c5 2. Nf3 d6 3. Bc4 Nc6 4. Nc3 e6 5. O-O a6 6. a4 Nf6 7. Re1 Be7 8. d4
cxd4 9. Nxd4 O-O 10. Nxc6 bxc6 11. a5 d5 12. Bd3 d4 13. Ne2 c5 14. Bf4 Bb7 15.
c3 Nh5 16. Bg3 Nxg3 17. Nxg3 e5 18. Nf5 Bf6 19. cxd4 cxd4 20. Qb3 Bc8 21. Qb6
Qxb6 22. axb6 Bd8 23. b7 Bxb7 24. Nd6 Rb8 25. f4 exf4 26. Bc4 Bb6 27. Kf1 d3
28. Bxd3 Rfd8 29. e5 Bd5 30. Rxa6 Be3 31. Rb1 Rb4 32. b3 g6 33. Bc4 Rxd6 34.
Rxd6 Bxc4+ 35. Ke1 Kg7 36. Rc6 Bd5 0-1

[Event "First Saturday FM-A Nov 2013"]
[Site "Budapest"]
[Date "2013.11.10"]
[Round "7.4"]
[White "Krstulovic, Alex"]
[Black "Letay, Gyula"]
[Result "1-0"]
[WhiteElo "2001"]
[BlackElo "1925"]
[PlyCount "107"]
[EventDate "2013.11.02"]

1. d4 d5 2. c4 e6 3. Nc3 c6 4. Nf3 f5 5. g3 Nf6 6. Bg2 Bd6 7. O-O O-O 8. Rb1
Nbd7 9. Bf4 Qe7 10. c5 Bxf4 11. gxf4 b6 12. b4 b5 13. Kh1 Kh8 14. Qc2 Ne4 15.
Ra1 Ndf6 16. a4 Nxc3 17. Qxc3 bxa4 18. Ne5 Bb7 19. Rxa4 Ng4 20. Nf3 a6 21. h3
Nf6 22. Ne5 Ne4 23. Bxe4 fxe4 24. Qg3 Rf5 25. f3 Raf8 26. fxe4 dxe4 27. Ra2 g5
28. e3 gxf4 29. Rxf4 Rxf4 30. exf4 Rg8 31. Qf2 Qf6 32. Kh2 Rf8 33. Re2 Qf5 34.
Qe3 a5 35. bxa5 Ba6 36. Re1 Rb8 37. Qxe4 Rb2+ 38. Kg3 Rb3+ 39. Nf3 Qxe4 40.
Rxe4 Bc4 41. Kf2 Rb2+ 42. Kg1 Ra2 43. Ng5 Rxa5 44. Nxe6 Ra1+ 45. Kh2 Ra2+ 46.
Kg3 Bd5 47. Re5 Rd2 48. Kg4 Kg8 49. Kf5 Bg2 50. Kf6 Bxh3 51. f5 h6 52. Nf4 Bxf5
53. Kxf5 Rxd4 54. Re6 1-0

[Event "First Saturday FM-A Nov 2013"]
[Site "Budapest"]
[Date "2013.11.10"]
[Round "7.5"]
[White "Mester, Attila"]
[Black "Bodrogi, Mihaly"]
[Result "1-0"]
[WhiteElo "2049"]
[BlackElo "2108"]
[PlyCount "61"]
[EventDate "2013.11.02"]

1. e4 c5 2. Nf3 d6 3. d4 cxd4 4. Nxd4 Nf6 5. Nc3 g6 6. Be3 Bg7 7. f3 Nc6 8. Qd2
O-O 9. O-O-O Nxd4 10. Bxd4 Be6 11. Kb1 Qc7 12. h4 Rfc8 13. h5 Qa5 14. hxg6 hxg6
15. a3 Rab8 16. Bd3 b5 17. Qg5 Rb7 18. Nd5 Bxd5 19. exd5 b4 20. Bxg6 e5 21. Bf5
Rcb8 22. a4 exd4 23. Rxd4 Kf8 24. Rdh4 b3 25. Rh8+ Ng8 26. c3 Qxa4 27. R1h7 f6
28. Rxg7 Rxg7 29. Qxf6+ Rf7 30. Qxd6+ Re7 31. Qxb8+ 1-0

[Event "First Saturday FM-A Nov 2013"]
[Site "Budapest"]
[Date "2013.11.11"]
[Round "8.1"]
[White "Farkas, Richard"]
[Black "Bodrogi, Mihaly"]
[Result "1/2-1/2"]
[WhiteElo "2183"]
[BlackElo "2108"]
[PlyCount "154"]
[EventDate "2013.11.02"]

1. e4 c5 2. Nf3 d6 3. d4 cxd4 4. Nxd4 Nf6 5. Nc3 g6 6. Be3 Bg7 7. f3 Nc6 8. Qd2
O-O 9. Bc4 Bd7 10. O-O-O Rb8 11. Kb1 Ne5 12. Bb3 b5 13. g4 a5 14. a3 a4 15. Ba2
b4 16. axb4 Rxb4 17. Nce2 Qb8 18. c3 Nc4 19. Bxc4 Rxc4 20. Nc2 Qb7 21. Na3 Rc7
22. Ka1 Rb8 23. Rb1 Be6 24. Nd4 Bb3 25. Bh6 Rc5 26. Bxg7 Kxg7 27. h4 h5 28.
gxh5 Rxh5 29. Rbg1 Rbh8 30. Qf2 Kf8 31. Rh2 Ke8 32. Rg5 Qb6 33. Rxh5 Rxh5 34.
Qe1 Qc5 35. Rg2 Qe5 36. Nxb3 axb3 37. Qd1 Rxh4 38. Qxb3 Rh1+ 39. Ka2 Kf8 40. c4
Qf4 41. Qc3 Rf1 42. Qd2 Rxf3 43. Qxf4 Rxf4 44. e5 Ne4 45. exd6 exd6 46. Nb5 Ke7
47. Nc7 Kd7 48. Nd5 Rf3 49. Rg4 Nf6 50. Nxf6+ Rxf6 51. b4 Rf3 52. Kb2 Kc6 53.
Rg5 Rh3 54. Kc2 Rh5 55. Rg4 d5 56. Rf4 f5 57. Kd3 Rh3+ 58. Kd4 dxc4 59. Kxc4
Re3 60. Kd4 Re1 61. Kc4 Rc1+ 62. Kd4 Kb5 63. Kd3 Rg1 64. Rd4 Rg3+ 65. Ke2 Rc3
66. Rd6 Rc6 67. Rd4 Rc4 68. Rd6 Rg4 69. Kf3 Kxb4 70. Rc6 Kb5 71. Rc8 Kb4 72.
Rc6 Kb3 73. Kf2 Kb4 74. Kf3 Kb5 75. Rc8 Rc4 76. Rg8 Rc6 77. Rd8 Kc5 1/2-1/2

[Event "First Saturday FM-A Nov 2013"]
[Site "Budapest"]
[Date "2013.11.11"]
[Round "8.2"]
[White "Letay, Gyula"]
[Black "Mester, Attila"]
[Result "0-1"]
[WhiteElo "1925"]
[BlackElo "2049"]
[PlyCount "58"]
[EventDate "2013.11.02"]

1. g3 d5 2. Bg2 e5 3. d3 Nc6 4. Nd2 Nf6 5. e4 Be6 6. Ngf3 Qd7 7. Qe2 O-O-O 8.
exd5 Nxd5 9. O-O f6 10. a3 h5 11. h4 Bg4 12. Qe4 g5 13. Qa4 gxh4 14. Nxh4 Rg8
15. Nc4 Bh3 16. Re1 Bxg2 17. Nxg2 Bc5 18. Be3 Nxe3 19. Ncxe3 f5 20. b4 Bxe3 21.
Rxe3 f4 22. Re4 fxg3 23. fxg3 Rxg3 24. b5 Qh3 25. Re2 Rdg8 26. Qe4 Nd4 27. Rf2
Nf3+ 28. Qxf3 Rxf3 29. Rd2 Rfg3 0-1